Petróleo, coca, despojo territorial y organización social en Putumayo / (Registro nro. 4019)
[ vista simple ]
| 000 -LEADER | |
|---|---|
| fixed length control field | 01357nam a2200265Ia 4500 |
| 003 - CONTROL NUMBER IDENTIFIER | |
| control field | OSt |
| 005 - DATE AND TIME OF LATEST TRANSACTION | |
| control field | 20200420131945.0 |
| 008 - FIXED-LENGTH DATA ELEMENTS--GENERAL INFORMATION | |
| fixed length control field | 191128s2015 ck a gr 000 0dspa d |
| 020 ## - INTERNATIONAL STANDARD BOOK NUMBER | |
| International Standard Book Number | 9789588944043 |
| 040 ## - CATALOGING SOURCE | |
| Original cataloging agency | CO-JMCR |
| Transcribing agency | CO-JMCR |
| 041 0# - LANGUAGE CODE | |
| Language code of text/sound track or separate title | spa |
| 082 04 - DEWEY DECIMAL CLASSIFICATION NUMBER | |
| Classification number | 303.6 / |
| Item number | C968p |
| 100 1# - MAIN ENTRY--PERSONAL NAME | |
| Personal name | Culma Vargas, Edinso, |
| Relator term | autor |
| 9 (RLIN) | 3258 |
| 245 10 - TITLE STATEMENT | |
| Title | Petróleo, coca, despojo territorial y organización social en Putumayo / |
| Statement of responsibility, etc. | Edinso Culma Vargas |
| 250 ## - EDITION STATEMENT | |
| Edition statement | Primera edición |
| 260 ## - PUBLICATION, DISTRIBUTION, ETC. | |
| Place of publication, distribution, etc. | Bogotá : |
| Name of publisher, distributor, etc. | Centro de Memoria Histórica, |
| Date of publication, distribution, etc. | 2015 |
| 300 ## - PHYSICAL DESCRIPTION | |
| Extent | 309 páginas : |
| Other physical details | ilustraciones ; |
| Dimensions | 23 cm. |
| 500 ## - GENERAL NOTE | |
| General note | Incluye referencias bibliográficas. |
| 505 ## - FORMATTED CONTENTS NOTE | |
| Formatted contents note | Generalidades sobre la colonización y el poblamiento de Putumayo -- El petróleo en Putumayo -- Economía cocalera, conflicto armado, sustitución de cultivos ilícitos y organización social -- Despojo, abandono forzado y restitución de tierras y territorio e |
| 520 ## - SUMMARY, ETC. | |
| Summary, etc. | El estudio es un aporte fundamental para entender la relación entre las dinámicas de construcción socioespacial, el conflicto armado las disputas por el territorio y la forma como las organizaciones sociales y los gremios han enfrentado los retos. |
| 650 14 - SUBJECT ADDED ENTRY--TOPICAL TERM | |
| Topical term or geographic name entry element | Conflicto armado |
| 9 (RLIN) | 3259 |
| 650 24 - SUBJECT ADDED ENTRY--TOPICAL TERM | |
| Topical term or geographic name entry element | Putumayo |
| General subdivision | Tenencia de la tierra |
| 9 (RLIN) | 3260 |
| 650 24 - SUBJECT ADDED ENTRY--TOPICAL TERM | |
| Topical term or geographic name entry element | Putumayo Desplazamiento forzado |
| 9 (RLIN) | 3261 |
| 942 ## - ADDED ENTRY ELEMENTS (KOHA) | |
| Source of classification or shelving scheme | Dewey Decimal Classification |
| Koha item type | Books |
| Withdrawn status | Lost status | Source of classification or shelving scheme | Materials specified (bound volume or other part) | Damaged status | Not for loan | Home library | Current library | Shelving location | Date acquired | Source of acquisition | Cost, normal purchase price | Total Checkouts | Full call number | Barcode | Date last seen | Copy number | Price effective from | Koha item type |
|---|---|---|---|---|---|---|---|---|---|---|---|---|---|---|---|---|---|---|
| Dewey Decimal Classification | Donación--12/04/2018-- | Biblioteca Pública José María del Castillo y Rada | Biblioteca Pública José María del Castillo y Rada | General Stacks | 11/28/2019 | Donación | 0.00 | 303.6 / C968p | 201808813 | 05/16/2024 | Ej.1 | 11/28/2019 | Books |